000 nam a22 a 4500
999 _c90024
_d90024
003 BLK
005 20201028114414.0
008 180408b bul|||||r ||||||| ||bul||
010 _aKNG00094749000
040 _aBLK
041 _aFRE
_cFRE
072 7 _2bullib
_aЦ
_xРедки и ценни
080 _aФренски език
_b811.133.1
_x(038.1)
_z811.133.1(038.1)
100 1 _aLittre, Emile
_eпърви автор
_917127
139 _aLittre, Emile
_bL 81
245 1 0 _aDictionnaire de la langue Francaise
_bT. 1 -
_cEmile Littre.
_nT. 1
_pA - C
257 _aFRA
260 _bHachette
_c1885 -
_aParis
300 _c31 см
380 _a80
490 _9435080
_aКолекция Редки и ценни издания
650 4 _aФренски език - речници, тълковни
_9303781
653 _aфренски език
653 _aОвча купел
659 _aЦ
760 1 _aLittre, Emile
_d1885
_h944 c.
_tT. 1 A - C
852 _aРф 885
_bРц
856 4 _qpdf
942 _cKNG
_n0
_s1
944 _aCR
_c05.03.2010
_kГеновева_Генчева
944 _aED
_c2020-10-28
999 _d90024